Địa chất và khoáng sản

Gorde:
Xehetasun bibliografikoak
Egile nagusia: Viện địa chất và khoáng sản
Formatua: Liburua
Etiketak: Etiketa erantsi
Etiketarik gabe, Izan zaitez lehena erregistro honi etiketa jartzen!
Thư viện lưu trữ: Mạng thư viện Đại học Đà Nẵng
LEADER 00584nam a2200205 4500
001 000008872
003 5065
005 20150812140822.0
008 111021s sd
100 0 |a Viện địa chất và khoáng sản 
245 0 0 |a Địa chất và khoáng sản  |c Viện địa chất và khoáng sản 
774 |d H.  |d 1982  |g Tập 1  |h 223 tr.  |w 5068 
OWN |a LSP 
999 |a From the UDN01 
TYP |a Monograph 
TYP |a Printed language 
980 |a Mạng thư viện Đại học Đà Nẵng